Identify the Country from the Sport - Statistics

General Stats
  • This quiz has been taken 31 times
  • The average score is 8 of 15
Answer Stats
Sport(s) Country % Correct
Lacrosse / Ice Hockey Canada
100%
Sumo Wrestling Japan
100%
Muay Thai Thailand
96%
Gaelic games Ireland
85%
Taekwondo South Korea
85%
Table tennis China
81%
Capoeira Brazil
74%
Cross-country skiing Norway
59%
Kabaddi Bangladesh
26%
Rugby League Papua New Guinea
19%
Buzkashi Afghanistan
15%
Wrestling Iran
15%
Motorcycle speedway Poland
11%
Bandy Russia
11%
Volleyball Nepal
0%
No matching quizzes found
Score Distribution
Percent of People with Each Score
Percentile by Number Answered
Your Score History
You have not taken this quiz